Heute hier - morgen fort: Migration, Rassismus und die (Un-)Ordnung des Weltmarkts
| Main Author: | |
|---|---|
| Corporate Author: | |
| Format: | Print Book |
| Language: | German |
| Published: |
Freiburg (Breisgau)
Verl. Informationszentrum Dritte Welt
1993
|
| In: | Year: 1993 |
| Edition: | 1. Aufl. |
| Online Access: |
Cover Table of Contents Table of Contents |
| Check availability: | HBZ Gateway |
| Subito Delivery Service: | Order now. |
| Keywords: |
MARC
| LEADER | 00000cam a2200000 c 4500 | ||
|---|---|---|---|
| 001 | 128764058 | ||
| 003 | DE-627 | ||
| 005 | 20260206204104.0 | ||
| 007 | tu | ||
| 008 | 931103s1993 gw ||||| 00| ||ger c | ||
| 015 | |a 93,N45,0074 |2 dnb | ||
| 015 | |a 94,B15,0056 |2 dnb | ||
| 016 | 7 | |a 931618746 |2 DE-101 | |
| 020 | |a 3922263127 |c : DM 17.00, sfr 18.00, S 133.00 (kart.) |9 3-922263-12-7 | ||
| 035 | |a (DE-627)128764058 | ||
| 035 | |a (DE-603)026807572 | ||
| 035 | |a (DE-576)036441570 | ||
| 035 | |a (DE-599)DNB931618746 | ||
| 035 | |a (OCoLC)231577166 | ||
| 035 | |a (OCoLC)34192469 | ||
| 035 | |a (DE-615)00752508 | ||
| 035 | |a (DE-H357)his11570 | ||
| 040 | |a DE-627 |b ger |c DE-627 |e rakwb | ||
| 041 | |a ger | ||
| 044 | |c XA-DE | ||
| 050 | 0 | |a JV6217 | |
| 082 | 0 | 4 | |a 14 |q dnb |
| 084 | |a POL 120 |2 sfb | ||
| 084 | |a S 668 |2 sfb | ||
| 084 | |a SOP 1985 |2 sfb | ||
| 084 | |a 14 |2 sdnb | ||
| 084 | |a 14 |a 17 |a 16 |2 sdnb | ||
| 084 | |a RQ |2 fivr | ||
| 084 | |a RA05.01 |2 fivr | ||
| 084 | |a SG02.04 |2 fivs | ||
| 084 | |a MK 8500 |2 rvk |0 (DE-625)rvk/123118: | ||
| 084 | |a MS 1560 |2 rvk |0 (DE-625)rvk/123602: | ||
| 084 | |a 71.62 |2 bkl | ||
| 084 | |a 74.80 |2 bkl | ||
| 084 | |a 83.40 |2 bkl | ||
| 245 | 0 | 0 | |a Heute hier - morgen fort |b Migration, Rassismus und die (Un-)Ordnung des Weltmarkts |c Arbeitsgruppe 501 (Hrsg.). Informationszentrum Dritte Welt in Zusammenarbeit mit dem "Institut für Dritte-Welt-Forschung", Freiburg e.V. Red.: Andreas Dilger ... |
| 250 | |a 1. Aufl. | ||
| 264 | 1 | |a Freiburg (Breisgau) |b Verl. Informationszentrum Dritte Welt |c 1993 | |
| 300 | |a 205 S |b Ill., graph. Darst |c 22 cm | ||
| 336 | |a Text |b txt |2 rdacontent | ||
| 337 | |a ohne Hilfsmittel zu benutzen |b n |2 rdamedia | ||
| 338 | |a Band |b nc |2 rdacarrier | ||
| 500 | |a Includes bibliographical references | ||
| 650 | 0 | 7 | |0 (DE-588)4076527-1 |0 (DE-627)10445184X |0 (DE-576)209202130 |a Rassismus |2 gnd |
| 650 | 0 | 7 | |0 (DE-588)4120730-0 |0 (DE-627)105774456 |0 (DE-576)209537477 |a Migration |2 gnd |
| 650 | 0 | 7 | |0 (DE-588)4162051-3 |0 (DE-627)104819154 |0 (DE-576)209870583 |a Internationale Migration |2 gnd |
| 650 | 0 | 7 | |0 (DE-588)4117627-3 |0 (DE-627)105797758 |0 (DE-576)209511567 |a Weltmarkt |2 gnd |
| 650 | 0 | 7 | |0 (DE-588)4002733-8 |0 (DE-627)106392174 |0 (DE-576)208848509 |a Arbeitsmarkt |2 gnd |
| 650 | 0 | 7 | |0 (DE-588)4002623-1 |0 (DE-627)10639259X |0 (DE-576)208848010 |a Arbeitnehmer |2 gnd |
| 650 | 0 | 7 | |0 (DE-588)4214151-5 |0 (DE-627)105067342 |0 (DE-576)21021869X |a Multikulturelle Gesellschaft |2 gnd |
| 650 | 0 | 7 | |0 (DE-588)4275311-9 |0 (DE-627)104445874 |0 (DE-576)210714018 |a Antirassismus |2 gnd |
| 650 | 4 | |a Rassismus | |
| 650 | 4 | |a Migration | |
| 653 | 0 | |a a |a Emigration and immigration |a Economic aspects | |
| 653 | 0 | |a a |a Emigration and immigration |a Social aspects | |
| 655 | 7 | |a Aufsatzsammlung |0 (DE-588)4143413-4 |0 (DE-627)105605727 |0 (DE-576)209726091 |2 gnd-content | |
| 689 | 0 | 0 | |d s |0 (DE-588)4120730-0 |0 (DE-627)105774456 |0 (DE-576)209537477 |a Migration |2 gnd |
| 689 | 0 | |5 (DE-627) | |
| 689 | 1 | 0 | |d s |0 (DE-588)4002623-1 |0 (DE-627)10639259X |0 (DE-576)208848010 |a Arbeitnehmer |2 gnd |
| 689 | 1 | |5 (DE-627) | |
| 689 | 2 | 0 | |d s |0 (DE-588)4214151-5 |0 (DE-627)105067342 |0 (DE-576)21021869X |a Multikulturelle Gesellschaft |2 gnd |
| 689 | 2 | 1 | |d s |0 (DE-588)4275311-9 |0 (DE-627)104445874 |0 (DE-576)210714018 |a Antirassismus |2 gnd |
| 689 | 2 | |5 (DE-627) | |
| 700 | 1 | |a Dilger, Andreas |e Red. |0 (DE-588)121452832 |0 (DE-627)081317751 |0 (DE-576)171453417 |4 adp | |
| 710 | 2 | |a Informationszentrum Dritte Welt |g Freiburg im Breisgau |b Arbeitsgruppe 501 |0 (DE-588)2133044-X |0 (DE-627)131957554 |0 (DE-576)194619494 |4 oth | |
| 856 | 4 | 2 | |u http://www.gbv.de/dms/hbz/toc/ht006230796.pdf |m V:DE-605 |q pdf/application |v 2008-11-15 |x Verlag |y Inhaltsverzeichnis |3 Inhaltsverzeichnis |7 1 |
| 856 | 4 | 2 | |u https://www.gbv.de/dms/spk/iai/cov/128764058.jpg |m V:DE-601 |m B:DE-204 |v 2025-10-31 |3 Cover |7 1 |
| 856 | 4 | 2 | |u http://scans.hebis.de/HEBCGI/show.pl?02680757_toc.pdf |m V:DE-605 |q application/pdf |3 Inhaltsverzeichnis |7 1 |
| 935 | |a mkri | ||
| 935 | |i Blocktest | ||
| 936 | r | v | |a MK 8500 |b Internationale Handels- und Wirtschaftspolitik, Allgemeines |k Politologie |k Internationale Politik |k Internationale Politik, Einzelne Sachgebiete |k Internationale Handels- und Wirtschaftspolitik |k Internationale Handels- und Wirtschaftspolitik, Allgemeines |0 (DE-627)127115790X |0 (DE-625)rvk/123118: |0 (DE-576)20115790X |
| 936 | r | v | |a MS 1560 |b Horizontale Mobilität |k Soziologie |k Spezielle Soziologien |k Soziale Mobilität |k Horizontale Mobilität |0 (DE-627)1271300710 |0 (DE-625)rvk/123602: |0 (DE-576)201300710 |
| 936 | b | k | |a 71.62 |j Ethnische Beziehungen |0 (DE-627)106410423 |
| 936 | b | k | |a 74.80 |j Demographie |x Geographie |0 (DE-627)106412140 |
| 936 | b | k | |a 83.40 |j Außenwirtschaft: Allgemeines |0 (DE-627)106416367 |
| 936 | f | i | |0 (DE-627)1756134707 |a RQ |b Weltweit |k Weltweit |2 fivr |
| 936 | f | i | |0 (DE-627)1756131678 |a RA05.01 |b Deutschland |k Europa |k Mitteleuropa |k Deutschland |2 fivr |
| 936 | f | i | |0 (DE-627)1756135959 |a SG02.04 |b Migration |k Gesellschaft |k Gesellschaftsentwicklung/Gesellschaftsstruktur |k Migration |2 fivs |
| 936 | s | n | |a m100 |2 mzub |
| 936 | s | n | |a m200 |2 mzub |
| 936 | s | n | |a q100 |2 mzub |
| 938 | 1 | 0 | |0 (DE-627)1756242062 |0 (DE-615)6604398 |a Herrschaftsstrukturen im internationalen System |2 fivt |
| 938 | 1 | 0 | |0 (DE-627)1756242720 |0 (DE-615)6604657 |a Wirtschaftliche Faktoren |2 fivt |
| 938 | 1 | 0 | |0 (DE-627)1756231680 |0 (DE-615)6608707 |a Weltmarkt |2 fivt |
| 938 | 1 | 0 | |0 (DE-627)175618531X |0 (DE-615)6606974 |a Zusammenhang |2 fivt |
| 938 | 1 | 0 | |0 (DE-627)1756152411 |0 (DE-615)6607969 |a Internationale Migration |2 fivt |
| 938 | 1 | 0 | |0 (DE-627)175615788X |0 (DE-615)6604725 |a Rassismus |2 fivt |
| 938 | 1 | 0 | |0 (DE-627)1756241791 |0 (DE-615)6607914 |a Wirkung/Auswirkung |2 fivt |
| 938 | 1 | 0 | |0 (DE-627)175614625X |0 (DE-615)6603417 |a Deutschland |2 fivt |
| 938 | 1 | 0 | |0 (DE-627)1756177902 |0 (DE-615)6604648 |a Multikulturelle Gesellschaft |2 fivt |
| 938 | 1 | 0 | |0 (DE-627)1756227217 |0 (DE-615)6606523 |a Migrationspolitik |2 fivt |
| 938 | 1 | 0 | |0 (DE-627)1756161046 |0 (DE-615)6602379 |a Systemkritisch |2 fivt |
| 938 | 1 | 0 | |0 (DE-627)1756221804 |0 (DE-615)6601429 |a Einwanderung/Einwanderer |2 fivt |
| 938 | 1 | 1 | |0 (DE-627)1756237042 |0 (DE-615)6606545 |a Gesellschaftliche Prozesse |2 fiva |
| 938 | 1 | 1 | |0 (DE-627)1756237387 |0 (DE-615)6609882 |a Politisches Asyl (Status) |2 fiva |
| 938 | 1 | 1 | |0 (DE-627)1756235066 |0 (DE-615)6604845 |a Flüchtlinge |2 fiva |
| 938 | 1 | 1 | |0 (DE-627)1756222673 |0 (DE-615)6606200 |a Arbeitskräftemobilität |2 fiva |
| 938 | 1 | 1 | |0 (DE-627)1756141665 |0 (DE-615)6604083 |a Nord-Süd-Konflikt |2 fiva |
| 938 | 1 | 1 | |0 (DE-627)1756196915 |0 (DE-615)6603763 |a Kulturelle Autonomie |2 fiva |
| 938 | 1 | 1 | |0 (DE-627)1756141266 |0 (DE-615)6603827 |a Frauen |2 fiva |
| 938 | 1 | 1 | |0 (DE-627)1756204764 |0 (DE-615)6609917 |a Europa |2 fiva |
| 938 | 1 | 1 | |0 (DE-627)1756142319 |0 (DE-615)6604635 |a Gesellschaftliche Vereinigung |2 fiva |
| 938 | 1 | 1 | |0 (DE-627)1756180369 |0 (DE-615)6608341 |a Aus antiwestlicher Sicht |2 fiva |
| 938 | 1 | 1 | |0 (DE-627)1756186863 |0 (DE-615)6607788 |a Migrationsforschung |2 fiva |
| 951 | |a BO | ||
| ELC | |b 1 | ||
| LOK | |0 000 xxxxxcx a22 zn 4500 | ||
| LOK | |0 001 3214685732 | ||
| LOK | |0 003 DE-627 | ||
| LOK | |0 004 128764058 | ||
| LOK | |0 005 19940111000000 | ||
| LOK | |0 008 940111||||||||||||||||ger||||||| | ||
| LOK | |0 040 |a DE-Frei85 |c DE-627 |d DE-Frei85 | ||
| LOK | |0 852 |a DE-Frei85 | ||
| LOK | |0 852 1 |m p |9 00 | ||
| LOK | |0 938 |k p | ||
| LOK | |0 939 |a 11-01-94 |b l01 | ||
| ORI | |a SA-MARC-krimdoka001.raw | ||
